Crossword Whiteout! 7 Quiz Stats

 Plays Quiz not verified by Sporcle

Score 0/182 Timer 13:00
0 Plays Today
% Correct
???
87.3%
???
86.7%
???
86.3%
???
86%
???
85.9%
???
85.4%
???
82.6%
???
82.5%
???
82.1%
???
81.7%
???
81.7%
???
81.5%
???
81.3%
???
81.3%
???
81.2%
???
81.1%
???
80.9%
???
80.7%
???
79.6%
???
79.4%
???
65.9%
???
64.5%
???
62.2%
???
60.8%
???
57.5%
???
57.5%
???
56.4%
???
56.2%
???
55.9%
???
55.8%
???
55.8%
???
55.8%
???
55.8%
???
55.7%
???
55.7%
???
55.6%
???
55.5%
???
55.5%
???
55.4%
???
55.3%
???
54.7%
???
53.9%
???
53.7%
???
53.4%
???
53.1%
???
53.1%
???
53.1%
???
53.1%
???
53%
???
53%
???
53%
???
53%
???
52.9%
???
52.8%
???
48.4%
???
47.7%
???
47.4%
???
46.3%
???
45%
???
44.7%
???
44.6%
% Correct
???
44.3%
???
44.2%
???
44.2%
???
44.2%
???
44.1%
???
44.1%
???
44%
???
44%
???
43.9%
???
43.6%
???
43.3%
???
43.3%
???
42%
???
41.4%
???
40.7%
???
40.2%
???
40.2%
???
39.7%
???
39.7%
???
38.8%
???
38.4%
???
38.4%
???
38.4%
???
38.4%
???
38.3%
???
37.8%
???
37.4%
???
37.4%
???
37.3%
???
37.2%
???
37.2%
???
37.2%
???
36.6%
???
35.4%
???
35.1%
???
35.1%
???
34.9%
???
34.6%
???
34.2%
???
34.1%
???
34%
???
33.7%
???
33.7%
???
33.4%
???
33.3%
???
33.3%
???
33%
???
33%
???
32.9%
???
32.9%
???
32.9%
???
32.9%
???
32.8%
???
32.7%
???
32.1%
???
32%
???
31.9%
???
31.6%
???
31.5%
???
30.9%
???
30.1%
% Correct
???
29.2%
???
29.2%
???
29.2%
???
28.7%
???
28.5%
???
28.2%
???
28.2%
???
27.2%
???
27.2%
???
27%
???
26.4%
???
26.1%
???
26%
???
25%
???
25%
???
24.7%
???
24.2%
???
24.1%
???
24%
???
23.8%
???
23.7%
???
23.7%
???
23.3%
???
23.3%
???
22.9%
???
22.8%
???
22.6%
???
22.5%
???
22.4%
???
22.3%
???
22%
???
21.9%
???
21.8%
???
21.8%
???
21.7%
???
21.6%
???
21.5%
???
21.3%
???
21.2%
???
21.1%
???
21%
???
20.9%
???
20.6%
???
20.6%
???
20.4%
???
20.2%
???
20%
???
20%
???
19.8%
???
19.8%
???
19.6%
???
19.6%
???
19.2%
???
19%
???
18.8%
???
18.5%
???
18.2%
???
17.5%
???
17.4%
???
17.4%

You're not logged in!

Compare scores with friends on all Sporcle quizzes.
OR
Log In

Show Comments

Extras

Top Quizzes Today


Score Distribution

Your Account Isn't Verified!

In order to create a playlist on Sporcle, you need to verify the email address you used during registration. Go to your Sporcle Settings to finish the process.

Report this User

Report this user for behavior that violates our Community Guidelines.

Details: